Catálogo
 En Linea

Anais do primeiro Congresso brasileiro de direito social, : (Registro nro. 1181)

Detalles MARC
000 -CABECERA
campo de control de longitud fija 00730cam a22001451 4500
001 - NÚMERO DE CONTROL
campo de control 000001234
005 - FECHA Y HORA DE LA ÚLTIMA TRANSACCIÓN
campo de control 20250307092350.0
008 - DATOS DE LONGITUD FIJA--INFORMACIÓN GENERAL
campo de control de longitud fija 760806m1943 bl abcf 000 0 por
040 ## - FUENTE DE LA CATALOGACIÓN
Centro catalogador/agencia de origen DO-SdBNP
Lengua de catalogación spa
Centro/agencia transcriptor BNPHU
111 2# - ENTRADA PRINCIPAL--NOMBRE DE CONGRESO/REUNIÓN
Nombre de congreso/reunión o jurisdicción como elemento de entrada Congresso brasileiro de direito social
Número del congreso/reunión o número de parte o sección (1st :
Fecha del congreso/reunión 1941 :
Sede del congreso/Lugar de la reunión Sao Paulo)
9 (RLIN) 4199
245 10 - MENCIÓN DE TÍTULO
Título Anais do primeiro Congresso brasileiro de direito social, :
Resto del título promovido pelo Instituto de direito social, /
Mención de responsabilidad, etc. Sao Paulo, Brasil.
260 ## - PUBLICACIÓN, DISTRIBUCIÓN, ETC.
Lugar de publicación, distribución, etc. Rio de Janeiro, :
Nombre del editor, distribuidor, etc. Servico de estatistica da previdencia e trabalho. Ministerio do trabalho,industria e comercio,
Fecha de publicación, distribución, etc. 1943-.
300 ## - DESCRIPCIÓN FÍSICA
Extensión v. :
Otras características físicas illus. (maps) plates, group ports., facsims., diagrs. ;
Dimensiones 23 cm.
710 1# - PUNTO DE ACCESO ADICIONAL--NOMBRE DE ENTIDAD CORPORATIVA
Nombre de entidad corporativa o nombre de jurisdicción como elemento de entrada Brasil.
Unidad subordinada Servico de Estatistica da Previdencia e Trabalho
9 (RLIN) 4200
Existencias
Estado de retiro Estado de pérdida Restricciones de uso No para préstamo Código de colección Localización permanente Ubicación/localización actual Ubicación en estantería Fecha de adquisición Número de inventario Total de préstamos Signatura topográfica completa Código de barras Fecha visto por última vez Precio válido a partir de Tipo de ítem Koha
    Préstamo interno Préstamo en sala Dominicana de Servicio Biblioteca Nacional Pedro Henríquez Ureña Biblioteca Nacional Pedro Henríquez Ureña En catalogación 21.09.2009 LF1   1234-10 25.06.2020 25.06.2020 Libros y folletos

Con tecnología Koha